书目信息 |
| 题名: |
婴幼儿成功教养指南
|
|
| 作者: | 戴淑凤 主编 | |
| 分册: | 1~2岁 | |
| 出版信息: | 上海 第二军医大学出版社 2003 |
|
| 页数: | 14,388页 | |
| 开本: | 20cm | |
| 丛书名: | 中国儿童素质早教工程 | |
| 单 册: | ||
| 中图分类: | R174 , G78 | |
| 科图分类: | ||
| 主题词: | 婴幼儿--保健--基本知识 , 婴幼儿--家庭教育--基本知识 , 婴幼儿 , 保健 , 家庭教育 | |
| 电子资源: | ||
| ISBN: | 7-81060-285-3 | |
| 000 | 01132oam2 2200325 450 | |
| 001 | 002383577 | |
| 005 | 20070116170059.21 | |
| 010 | @a7-81060-285-3@dCNY25.00 | |
| 092 | @aCN@b501510 | |
| 100 | @a20030627d2003 em y0chiy0110 ea | |
| 101 | 0 | @achi |
| 102 | @aCN@b310000 | |
| 105 | @aa z 000yy | |
| 200 | 1 | @a婴幼儿成功教养指南@Aying you er cheng gong jiao yang zhi nan@i1~2岁@f戴淑凤主编@Fdai shu feng zhu bian |
| 210 | @a上海@c第二军医大学出版社@d2003 | |
| 215 | @a14,388页@c图@d20cm | |
| 225 | 2 | @a中国儿童素质早教工程 |
| 300 | @a中国关心下一代工作委员会专家委员会主任严仁英教授推荐 | |
| 330 | @a本书以感觉教育为理论核心,针对父母最常遇到的营养、保健及教育过程中的困惑,给予科学的阐释。把1~2岁按月年龄段提供同步指导,每年龄段具体包括8个栏目。 | |
| 461 | 0 | @1001012001083177@12001 @a中国儿童素质早教工程 |
| 606 | 0 | @a婴幼儿@x保健@x基本知识 |
| 606 | 0 | @a婴幼儿@x家庭教育@x基本知识 |
| 606 | 0 | @a婴幼儿 |
| 606 | 0 | @a保健 |
| 606 | 0 | @a家庭教育 |
| 690 | @aR174@v4 | |
| 690 | @aG78@v4 | |
| 701 | 0 | @a戴淑凤@Adai shu feng@c(女,妇产科教授)@4主编 |
| 801 | 0 | @aCN@bNLC@c20070116 |
| 905 | @a10447@dR174@e143 | |
| 婴幼儿成功教养指南.1~2岁/戴淑凤主编.-上海:第二军医大学出版社,2003 |
| 14,388页:图;20cm.-(中国儿童素质早教工程) |
| 中国关心下一代工作委员会专家委员会主任严仁英教授推荐 |
| ISBN 7-81060-285-3:CNY25.00 |
| 本书以感觉教育为理论核心,针对父母最常遇到的营养、保健及教育过程中的困惑,给予科学的阐释。把1~2岁按月年龄段提供同步指导,每年龄段具体包括8个栏目。 |
| ● |
| 相关链接 |
|
|
|
|
正题名:婴幼儿成功教养指南
索取号:R174/143
 
预约/预借
| 序号 | 登录号 | 条形码 | 馆藏地/架位号 | 状态 | 备注 |
| 1 | 0555368 | 205553685 | 第二样本阅览室/ [索取号:R174/143] | 在馆 | |
| 2 | 0555369 | 205553694 | 教育系资料室/ [索取号:R174/143] | 在馆 | |
| 3 | 0555370 | 205553701 | 教育系资料室/ [索取号:R174/143] | 在馆 | |
| 4 | 0555371 | 205553710 | 第三借阅区/ [索取号:R174/143] | 在馆 | |
| 5 | 0555372 | 205553729 | 教育系资料室/ [索取号:R174/143] | 在馆 | |
| 6 | 0555373 | 205553738 | 教育系资料室/ [索取号:R174/143] | 在馆 | |
| 7 | 0555374 | 205553747 | 第三借阅区/ [索取号:R174/143] | 在馆 | |
| 8 | 0555375 | 205553756 | 第三借阅区/ [索取号:R174/143] | 在馆 |